<?xml version="1.0" encoding="UTF-8"?>
<record
    xmlns:xsi="http://www.w3.org/2001/XMLSchema-instance"
    xsi:schemaLocation="http://www.loc.gov/MARC21/slim http://www.loc.gov/standards/marcxml/schema/MARC21slim.xsd"
    xmlns="http://www.loc.gov/MARC21/slim">

  <leader>02308nam a2200241Ia 4500</leader>
  <controlfield tag="001">b7167-53266 </controlfield>
  <controlfield tag="003">IT-MiCISF</controlfield>
  <controlfield tag="005">20240227114051.0</controlfield>
  <controlfield tag="008">161014s9999||||xx |||||||||||||| ||und||</controlfield>
  <datafield tag="040" ind1=" " ind2=" ">
    <subfield code="a">IT-MiCISF</subfield>
    <subfield code="c">IT-MiCISF</subfield>
  </datafield>
  <datafield tag="041" ind1=" " ind2=" ">
    <subfield code="a">it</subfield>
  </datafield>
  <datafield tag="100" ind1=" " ind2=" ">
    <subfield code="a">Florio Regina, Sberna Mario (a cura di)</subfield>
    <subfield code="9">60481</subfield>
  </datafield>
  <datafield tag="245" ind1=" " ind2="0">
    <subfield code="a">Il ritorno della cicogna.</subfield>
    <subfield code="b">In volo con le famiglie numerose</subfield>
  </datafield>
  <datafield tag="260" ind1=" " ind2=" ">
    <subfield code="a">Firenze,</subfield>
    <subfield code="b">Edizioni Cooperativa Firenze 2000,</subfield>
    <subfield code="c">2014</subfield>
  </datafield>
  <datafield tag="300" ind1=" " ind2=" ">
    <subfield code="a">pp. 191</subfield>
  </datafield>
  <datafield tag="500" ind1=" " ind2=" ">
    <subfield code="a">famiglia-numerosa, vita-familiare, associazioni, societ&#xE0;, politica-familiare, famiglia-aperta, famiglia-affidataria, esperienze</subfield>
  </datafield>
  <datafield tag="520" ind1=" " ind2=" ">
    <subfield code="a">Tra i quasi 25 milioni di nuclei familiari presenti in Italia,  i nuclei con quattro o pi&#xF9; figli sono poco pi&#xF9; di 170.000, ma non per questo si sentono una specie in via d'estinzione. Per questo, nel volume curato dal deputato Mario Sberna, fondatore e primo presidente dell'associazione Nazionale Famiglie Numerose e dalla giornalista Regina Florio, innanzitutto vengono offerti i contributi di pap&#xE0;, mamme e figli di famiglie numerose che raccontano un pezzo del loro vissuto, per riflettere su come vengono percepite le coppie con tanti figli, sul rapporto di coppia, sulla famiglia palestra di  vita, luogo di accoglienza e di relazioni. Poi, grazie ai contributi di esperti come C. Dionedi, A. Caltabiano, A. Soprana, F. Belletti e R. Bolzonaro, si addentra nelle incredibili mancanze della politica verso la famiglia con figli, penalizzata da un atteggiamento privatistico e punitivo che non ha saputo (o voluto) leggere le sfide che il progressivo invecchiamento della popolazione pone alla societ&#xE0; occidentale. La documentata denuncia dell'insufficienza di politiche familiari organiche e strutturali si accompagna infine alla proposta di un nuovo atteggiamento verso la famiglia con figli.</subfield>
  </datafield>
  <datafield tag="650" ind1=" " ind2=" ">
    <subfield code="a">famiglia</subfield>
  </datafield>
  <datafield tag="654" ind1=" " ind2=" ">
    <subfield code="a">saggio</subfield>
  </datafield>
  <datafield tag="700" ind1=" " ind2=" ">
    <subfield code="a">Mascherin R., Ranalli V., Pesenti C., Belletti F., Masia R.S., Ruggiero M., Butturini G.,</subfield>
    <subfield code="a">Paglia V., Mariano C., Bernardini A., Pellai A., Tamborini B., Valli L., Botti D., </subfield>
    <subfield code="a">Castrezzati E., Caltabiano A.,Canforti C., Bartolomei P., Mondelli B., Steiner C.,   Adinolfi M., </subfield>
    <subfield code="a">Bernardini A., Soprana A., Dionedi C., Bolzonaro R., Billiari F., Della Zuanna G.</subfield>
    <subfield code="9">60482</subfield>
  </datafield>
  <datafield tag="942" ind1=" " ind2=" ">
    <subfield code="c">BK</subfield>
    <subfield code="2">ddc</subfield>
  </datafield>
  <datafield tag="999" ind1=" " ind2=" ">
    <subfield code="c">209803</subfield>
    <subfield code="d">209803</subfield>
  </datafield>
  <datafield tag="999" ind1=" " ind2=" ">
    <subfield code="b">si</subfield>
  </datafield>
  <datafield tag="952" ind1=" " ind2=" ">
    <subfield code="0">0</subfield>
    <subfield code="1">0</subfield>
    <subfield code="4">0</subfield>
    <subfield code="6">B_716753266</subfield>
    <subfield code="7">1</subfield>
    <subfield code="a">CISF</subfield>
    <subfield code="b">CISF</subfield>
    <subfield code="d">2016-10-14</subfield>
    <subfield code="l">0</subfield>
    <subfield code="o">b7167-53266 </subfield>
    <subfield code="r">2016-10-14 00:00:00</subfield>
    <subfield code="w">2016-10-14</subfield>
    <subfield code="y">BK</subfield>
    <subfield code="z">Data import 15.10.2016 / by Epidotti, Vaglietti</subfield>
  </datafield>
</record>
